[Event "Ceske Budejovice op-B"]
[Site "Ceske Budejovice"]
[Date "2025.07.03"]
[Round "6"]
[White "Petkov, Andon"]
[Black "Cipera, Josef"]
[Result "1/2-1/2"]
[WhiteElo "1794"]
[BlackElo "1699"]
[PlyCount "144"]
[EventDate "2025.06.28"]
[EventType "swiss"]
[EventRounds "9"]
[EventCountry "CZE"]
[SourceTitle "CB28_2025"]
[SourceDate "2025.07.09"]
[SourceVersion "1"]
[SourceVersionDate "2025.07.09"]
[SourceQuality "1"]

1. g4 d5 2. Bg2 e5 3. c4 dxc4 4. Qa4+ c6 5. Qxc4 Be6 6. Qc3 Nd7 7. h3 Ngf6 8. d3 Qb6 9. Qc2 Nd5 10. a3 Be7 11. Nc3 Bh4 12. e3 Nxe3 13. Bxe3 Qxe3+ 14. Kf1 Qb6 15. Nf3 Be7 16. Re1 0-0-0 17. Nd2 Nc5 18. Nc4 Bxc4 19. dxc4 Bf6 20. Be4 Rd6 21. b4 Qa6 22. bxc5 Qxc4+ 23. Kg2 Qxc5 24. Qb2 Rhd8 25. Bf5+ Kc7 26. Ne4 Qd4 27. Qb3 Rd5 28. Bxh7 Bh4 29. Qf3 f6 30. Bf5 Qb6 31. Re3 Rb5 32. Rd1 Rbd5 33. Red3 Rd4 34. Qe2 Qb5 35. Nc3 Qc5 36. Rxd4 Rxd4 37. Qe3 Bg5 38. Qf3 Bh4 39. Rxd4 Qxd4 40. Qe3 b5 41. Ne4 Qxe3 42. fxe3 a5 43. Kf1 Kb6 44. Ke2 c5 45. Be6 Kc6 46. Kd2 b4 47. Bc4 a4 48. axb4 cxb4 49. Kc2 g6 50. Kd3 f5 51. gxf5 gxf5 52. Nd2 e4+ 53. Kc2 Kd6 54. Bb5 Bf2 55. Bxa4 Ke6 56. Nc4 Kf6 57. Kd2 Kg5 58. Bd7 f4 59. exf4+ Kxf4 60. Nb2 Bd4 61. Nd1 Kf3 62. Bg4+ Kf4 63. Be2 Kg3 64. Bf1 Kf3 65. Bc4 Kg3 66. Be6 Kh4 67. Kc2 Kg3 68. Kd2 Kf3 69. h4 Kf4 70. h5 Kg5 71. Bf7 Kf6 72. Bg6 Kg5 1/2-1/2

[Event "Ceske Budejovice op-B"]
[Site "Ceske Budejovice"]
[Date "2025.07.02"]
[Round "5"]
[White "Cipera, Josef"]
[Black "Cyron, Karel"]
[Result "1/2-1/2"]
[WhiteElo "1699"]
[BlackElo "1741"]
[PlyCount "24"]
[EventDate "2025.06.28"]
[EventType "swiss"]
[EventRounds "9"]
[EventCountry "CZE"]
[SourceTitle "CB28_2025"]
[SourceDate "2025.07.09"]
[SourceVersion "1"]
[SourceVersionDate "2025.07.09"]
[SourceQuality "1"]

1. d4 Nf6 2. c4 e6 3. Nc3 d5 4. e3 b6 5. Nf3 Nbd7 6. cxd5 exd5 7. Bd3 Be7 8. 0-0 0-0 9. Bd2 Bb7 10. Rc1 a6 11. a3 Re8 12. Bb1 g6 1/2-1/2

[Event "Ceske Budejovice op-B"]
[Site "Ceske Budejovice"]
[Date "2022.07.09"]
[Round "9"]
[White "Cipera, Josef"]
[Black "Koch Muller, Victor"]
[Result "1/2-1/2"]
[WhiteElo "1552"]
[BlackElo "1602"]
[PlyCount "57"]
[EventDate "2022.07.01"]
[EventType "swiss"]
[EventRounds "9"]
[EventCountry "CZE"]
[SourceTitle "EXT 2023"]
[Source "ChessBase"]
[SourceDate "2022.10.05"]
[SourceVersion "1"]
[SourceVersionDate "2022.10.05"]
[SourceQuality "1"]

1. d4 Nf6 2. Bf4 g6 3. e3 Bg7 4. Nf3 0-0 5. Bd3 d5 6. Nbd2 Bg4 7. h3 Bxf3 8. Nxf3 c5 9. c3 c4 10. Bc2 Nbd7 11. 0-0 b5 12. Re1 e6 13. g4 h5 14. Bg5 Qc7 15. Bf4 Qc8 16. Ne5 hxg4 17. hxg4 Nxe5 18. Bxe5 Nd7 19. Bg3 Qd8 20. Kg2 Bf6 21. Rh1 Kg7 22. Qe2 Qb6 23. Qd2 Rh8 24. e4 Rae8 25. e5 Be7 26. Bf4 Rxh1 27. Rxh1 Rh8 28. Bh6+ Kg8 29. Qf4 1/2-1/2

[Event "Ceske Budejovice op-B"]
[Site "Ceske Budejovice"]
[Date "2022.07.04"]
[Round "4"]
[White "Durana, Jonas"]
[Black "Cipera, Josef"]
[Result "1-0"]
[WhiteElo "1723"]
[BlackElo "1552"]
[PlyCount "114"]
[EventDate "2022.07.01"]
[EventType "swiss"]
[EventRounds "9"]
[EventCountry "CZE"]
[SourceTitle "EXT 2023"]
[Source "ChessBase"]
[SourceDate "2022.10.05"]
[SourceVersion "1"]
[SourceVersionDate "2022.10.05"]
[SourceQuality "1"]

1. e4 c5 2. Nf3 a6 3. Nc3 d6 4. d4 cxd4 5. Nxd4 e5 6. Nb3 Be6 7. Be3 Nf6 8. f3 Be7 9. Be2 0-0 10. Qd2 d5 11. exd5 Nxd5 12. Nxd5 Qxd5 13. Bd3 f5 14. 0-0-0 e4 15. Be2 Qxd2+ 16. Bxd2 Nc6 17. Bc3 Rac8 18. Rhe1 Bg5+ 19. Kb1 e3 20. Nc5 Bf7 21. Nxb7 Ra8 22. Nd6 Be6 23. g3 f4 24. gxf4 Bxf4 25. Rg1 Ne5 26. Rd4 Ng6 27. Re4 Bd5 28. Re7 Bh6 29. Rd7 Be6 30. Rc7 Rad8 31. Nc4 Rc8 32. Rxc8 Rxc8 33. Ne5 Nf4 34. Re1 Ng2 35. Rd1 Nf4 36. Bxa6 Ra8 37. a3 Kf8 38. Bb4+ Kg8 39. Bb5 g6 40. Re1 Rd8 41. b3 Rd5 42. Bc4 Rxe5 43. Bd6 Rh5 44. Bxf4 Bxc4 45. Bxh6 Bd5 46. Bxe3 Bxf3 47. Bf4 Rd5 48. Rf1 Rd1+ 49. Rxd1 Bxd1 50. Bh6 Kf7 51. Kb2 Ke6 52. c4 Kd6 53. Kc3 Kc6 54. b4 Be2 55. b5+ Kb6 56. Kb4 Bd3 57. a4 Be2 1-0

[Event "Ceske Budejovice op-B"]
[Site "Ceske Budejovice"]
[Date "2022.07.02"]
[Round "2"]
[White "Sknouril, Jakub"]
[Black "Cipera, Josef"]
[Result "0-1"]
[WhiteElo "1261"]
[BlackElo "1552"]
[PlyCount "106"]
[EventDate "2022.07.01"]
[EventType "swiss"]
[EventRounds "9"]
[EventCountry "CZE"]
[SourceTitle "EXT 2023"]
[Source "ChessBase"]
[SourceDate "2022.10.05"]
[SourceVersion "1"]
[SourceVersionDate "2022.10.05"]
[SourceQuality "1"]

1. e4 c5 2. Nf3 a6 3. d4 cxd4 4. Nxd4 d6 5. b3 e5 6. Nf3 Nf6 7. Nbd2 Bg4 8. h3 Bh5 9. Be2 Bg6 10. Bd3 Nbd7 11. Bb2 Nc5 12. Qe2 Be7 13. 0-0 Nh5 14. b4 Nf4 15. Qe3 Na4 16. Rab1 0-0 17. a3 Rc8 18. c4 Bf6 19. Bc2 Nxb2 20. Rxb2 Qe7 21. Rfb1 b5 22. cxb5 axb5 23. a4 d5 24. Kh2 d4 25. Qe1 Rc3 26. Rc1 Rfc8 27. Nb1 Nd3 28. Qd2 Nxb2 29. Nxc3 dxc3 30. Qe2 Qxb4 31. Bb1 bxa4 32. Ne1 h6 33. Nc2 Qxe4 34. Ne3 Qd4 35. Qa6 Rd8 36. Bxg6 fxg6 37. Ng4 Rd6 38. Qc8+ Kh7 39. Nxf6+ Rxf6 40. Rxc3 Qf4+ 41. Rg3 h5 42. Kg1 Qxf2+ 43. Kh2 Qf4 44. h4 Qxh4+ 45. Rh3 Qf4+ 46. Rg3 h4 47. Qh3 Qxg3+ 48. Qxg3 hxg3+ 49. Kxg3 a3 50. Kg4 a2 51. Kg5 a1Q 52. g4 Qc1+ 53. Kh4 Qh6+ 0-1

[Event "Klatovy op-B 24th"]
[Site "Klatovy"]
[Date "2018.07.05"]
[Round "6"]
[White "Cipera, Josef"]
[Black "Martinkova, Magdalena"]
[Result "0-1"]
[WhiteElo "1688"]
[BlackElo "1186"]
[PlyCount "54"]
[EventDate "2018.06.30"]
[EventType "swiss"]
[EventRounds "9"]
[EventCountry "CZE"]
[SourceTitle "EXT 2019"]
[Source "ChessBase"]
[SourceDate "2018.10.10"]
[SourceVersion "1"]
[SourceVersionDate "2018.10.10"]
[SourceQuality "1"]

1. d4 Nf6 2. c4 g6 3. Nc3 Bg7 4. e4 d6 5. f3 0-0 6. Be3 e5 7. d5 Nbd7 8. Qd2 Ne8 9. g4 f5 10. gxf5 gxf5 11. exf5 Rxf5 12. Bh3 Rf8 13. Qg2 Qh4+ 14. Ke2 Qxc4+ 15. Kd2 Nc5 16. Bxc5 Qxc5 17. Nge2 Bxh3 18. Qxh3 Nf6 19. Rhg1 Kh8 20. Rxg7 Kxg7 21. Rg1+ Kh8 22. Qh6 Rf7 23. Rg3 Nxd5 24. Qe6 Qe3+ 25. Kc2 Nb4+ 26. Kb3 a5 27. f4 a4+ 0-1

[Event "Klatovy op-B 24th"]
[Site "Klatovy"]
[Date "2018.07.02"]
[Round "3"]
[White "Novotny, Jaromir"]
[Black "Cipera, Josef"]
[Result "1/2-1/2"]
[WhiteElo "1780"]
[BlackElo "1688"]
[PlyCount "42"]
[EventDate "2018.06.30"]
[EventType "swiss"]
[EventRounds "9"]
[EventCountry "CZE"]
[SourceTitle "CBM 185 Extra"]
[Source "ChessBase"]
[SourceDate "2018.07.29"]
[SourceVersion "1"]
[SourceVersionDate "2018.07.29"]
[SourceQuality "1"]

1. e4 c5 2. Nf3 d6 3. d4 cxd4 4. Nxd4 Nf6 5. Nc3 a6 6. h3 e5 7. Nf3 b5 8. Bd3 Bb7 9. Qe2 Be7 10. a3 Nbd7 11. Be3 Rc8 12. 0-0 Nc5 13. Bd2 Nxd3 14. cxd3 0-0 15. Rfd1 Qc7 16. Rac1 Qb8 17. Bg5 h6 18. Bh4 Rfe8 19. Ne1 g5 20. Bg3 Qa8 21. Qf3 Kg7 1/2-1/2

[Event "Klatovy op-B 23rd"]
[Site "Klatovy"]
[Date "2017.07.03"]
[Round "3"]
[White "Cipera, Josef"]
[Black "Chmelik, Benedikt"]
[Result "1-0"]
[WhiteElo "1691"]
[BlackElo "1432"]
[PlyCount "63"]
[EventDate "2017.07.01"]
[EventType "swiss"]
[EventRounds "9"]
[EventCountry "CZE"]
[SourceTitle "EXT 2018"]
[Source "ChessBase"]
[SourceDate "2017.10.13"]
[SourceVersion "1"]
[SourceVersionDate "2017.10.13"]
[SourceQuality "1"]

1. e4 e6 2. d4 d5 3. e5 c5 4. Nf3 cxd4 5. Nxd4 Nd7 6. f4 Ne7 7. Bd3 Nc6 8. c3 Bc5 9. Nb3 0-0 10. Qh5 h6 11. g4 Re8 12. g5 hxg5 13. Bh7+ Kf8 14. Nxc5 Nxc5 15. Rg1 Ne4 16. Bxe4 dxe4 17. Qh8+ Ke7 18. Qxg7 Rg8 19. Qf6+ Ke8 20. Qxd8+ Kxd8 21. h4 Ne7 22. Rxg5 Rh8 23. h5 b6 24. Nd2 Bb7 25. Nc4 Nf5 26. Kf2 Ke7 27. Ne3 Nxe3 28. Bxe3 f6 29. Rg7+ Ke8 30. Rxb7 fxe5 31. Rh1 exf4 32. Bxf4 1-0

[Event "Klatovy op-B 23rd"]
[Site "Klatovy"]
[Date "2017.07.01"]
[Round "1"]
[White "Cipera, Josef"]
[Black "Bukvaj, Martin"]
[Result "1-0"]
[WhiteElo "1691"]
[BlackElo "1100"]
[PlyCount "83"]
[EventDate "2017.07.01"]
[EventType "swiss"]
[EventRounds "9"]
[EventCountry "CZE"]
[SourceTitle "EXT 2018"]
[Source "ChessBase"]
[SourceDate "2017.10.13"]
[SourceVersion "1"]
[SourceVersionDate "2017.10.13"]
[SourceQuality "1"]

1. e4 e5 2. Nf3 Nc6 3. Bb5 a6 4. Ba4 Nf6 5. 0-0 Bc5 6. c3 0-0 7. Re1 d6 8. d4 exd4 9. cxd4 Bb4 10. Nc3 b5 11. Bc2 Bg4 12. Qd3 Bxc3 13. bxc3 Bxf3 14. Qxf3 Re8 15. Bg5 Qc8 16. e5 dxe5 17. Qxc6 Qg4 18. Bxf6 gxf6 19. Qxf6 Qg7 20. Qxg7+ Kxg7 21. Rxe5 Rxe5 22. dxe5 Re8 23. f4 Re6 24. Rd1 c6 25. Rd6 Rxd6 26. exd6 Kf8 27. Bxh7 c5 28. Kf2 Kg7 29. d7 Kxh7 30. d8Q c4 31. Qb6 f5 32. Qxa6 Kg8 33. Qxb5 Kf7 34. Qxc4+ Kf6 35. Qc6+ Ke7 36. a4 Kd8 37. a5 Ke7 38. a6 Kf7 39. a7 Kg8 40. a8R+ Kf7 41. Ra7+ Kf8 42. Qc8# 1-0

[Event "Klatovy op-B 22nd"]
[Site "Klatovy"]
[Date "2016.07.10"]
[Round "9"]
[White "Zimovcak, Zdenek"]
[Black "Cipera, Josef"]
[Result "1/2-1/2"]
[WhiteElo "1632"]
[BlackElo "1756"]
[PlyCount "67"]
[EventDate "2016.07.02"]
[EventType "swiss"]
[EventRounds "9"]
[EventCountry "CZE"]
[SourceTitle "EXT 2019"]
[Source "ChessBase"]
[SourceDate "2018.10.10"]
[SourceVersion "1"]
[SourceVersionDate "2018.10.10"]
[SourceQuality "1"]

1. e4 g6 2. Nf3 Bg7 3. Bc4 e6 4. d4 d5 5. exd5 exd5 6. Bb3 Ne7 7. h3 0-0 8. 0-0 c6 9. c3 Nd7 10. Bd2 Re8 11. Bc2 Nf8 12. Qc1 Bf5 13. Bxf5 Nxf5 14. Na3 Nd6 15. Bh6 Ne4 16. Bxg7 Kxg7 17. Nc2 f6 18. Ne3 Nd7 19. Re1 h5 20. Qc2 f5 21. Re2 Qf6 22. Rae1 Re6 23. Nf1 Rae8 24. a3 g5 25. N3h2 f4 26. f3 Ng3 27. Rxe6 Rxe6 28. Rxe6 Qxe6 29. Nxg3 fxg3 30. Nf1 h4 31. Qd2 Qf5 32. Ne3 Qf4 33. Kf1 Nf6 34. Ke1 1/2-1/2

[Event "Klatovy op-B 22nd"]
[Site "Klatovy"]
[Date "2016.07.05"]
[Round "4"]
[White "Cipera, Josef"]
[Black "Rychtecky, Pavel"]
[Result "1/2-1/2"]
[WhiteElo "1756"]
[BlackElo "1546"]
[PlyCount "113"]
[EventDate "2016.07.02"]
[EventType "swiss"]
[EventRounds "9"]
[EventCountry "CZE"]
[SourceTitle "EXT 2019"]
[Source "ChessBase"]
[SourceDate "2018.10.10"]
[SourceVersion "1"]
[SourceVersionDate "2018.10.10"]
[SourceQuality "1"]

1. e4 c6 2. d4 d5 3. Nc3 dxe4 4. Nxe4 Bf5 5. Ng3 Bg6 6. Nf3 e6 7. h4 h6 8. Bd3 Bxd3 9. Qxd3 Nf6 10. 0-0 Nbd7 11. Qb3 Qc7 12. c4 Bd6 13. Ne2 c5 14. Be3 0-0 15. Rad1 Rad8 16. Qc2 Ng4 17. Bc1 b6 18. b3 Nh2 19. Nxh2 Bxh2+ 20. Kh1 Bd6 21. Qe4 Nf6 22. Qf3 cxd4 23. Nxd4 Be5 24. Nb5 Qb8 25. Rfe1 a6 26. Na3 Qc7 27. Nb1 Rxd1 28. Rxd1 Rd8 29. Qe2 Rxd1+ 30. Qxd1 Qd6 31. Qxd6 Bxd6 32. Be3 b5 33. c5 Bc7 34. Nc3 Kf8 35. b4 Ke7 36. Kg1 Kd7 37. Kf1 Be5 38. Nd1 Nd5 39. Bd2 Kc6 40. g3 Bd4 41. Ke2 f5 42. f4 Bf6 43. Kf3 h5 44. Ke2 g6 45. a3 e5 46. fxe5 Bxe5 47. Kf3 Bf6 48. Bc1 Be7 49. Bb2 a5 50. Ne3 axb4 51. Nxd5 Kxd5 52. axb4 g5 53. hxg5 Bxg5 54. Bc3 h4 55. gxh4 Bxh4 56. Kf4 Be7 57. Kxf5 1/2-1/2

[Event "Klatovy op-B 22nd"]
[Site "Klatovy"]
[Date "2016.07.04"]
[Round "3"]
[White "Novy, Jan"]
[Black "Cipera, Josef"]
[Result "0-1"]
[WhiteElo "1606"]
[BlackElo "1756"]
[PlyCount "110"]
[EventDate "2016.07.02"]
[EventType "swiss"]
[EventRounds "9"]
[EventCountry "CZE"]
[SourceTitle "EXT 2019"]
[Source "ChessBase"]
[SourceDate "2018.10.10"]
[SourceVersion "1"]
[SourceVersionDate "2018.10.10"]
[SourceQuality "1"]

1. e4 d6 2. d4 g6 3. f4 Bg7 4. Nf3 Nf6 5. Nc3 0-0 6. Bc4 c6 7. 0-0 b5 8. Bd3 Bg4 9. h3 Bd7 10. Qe1 e6 11. Kh1 Na6 12. a3 Nc7 13. g4 Re8 14. Qg3 Bc8 15. Rg1 Bb7 16. Kh2 a6 17. Be3 Qe7 18. Rae1 Qd8 19. f5 c5 20. e5 dxe5 21. dxe5 Nd7 22. Bg5 Qc8 23. Ne4 Bxe4 24. Bxe4 Nd5 25. fxg6 fxg6 26. b3 Ra7 27. c4 bxc4 28. bxc4 N5b6 29. Bd3 Qc6 30. Re4 Qa4 31. Bc1 Nf8 32. Qf2 Qc6 33. Rf1 Rf7 34. Qe3 Qc7 35. Rf4 Rxf4 36. Qxf4 Nbd7 37. Bb2 Rb8 38. Ba1 Rb3 39. Ne1 Bxe5 40. Bxe5 Qxe5 41. a4 Qxf4+ 42. Rxf4 Ne5 43. Bc2 Rc3 44. Kg2 Kg7 45. Re4 Nxc4 46. Bd3 Nd6 47. Re2 a5 48. Rb2 c4 49. Bc2 Nd7 50. Nf3 Kf6 51. g5+ Ke7 52. Kf2 Nc5 53. Ra2 Nd3+ 54. Kg3 Nb4 55. Bxg6 hxg6 0-1